000 00872nam a2200301Ia 4500
001 Para_7150
003 CHAP
008 220125s1941 xx 000 0 und d
010 _a206036
040 _cCHAP
082 _aPA-C 631.5 B85
100 _aHutchins, A. E.
_957018
245 _aVegetable gardening /
_c by A. E. Hutchins
260 _aMinnesota :
_b University of Minnesota. Agricultural Extension Division
300 _a31 p.
440 _aEstension bulletin : 174
_9172183
500 _aEnc. con impresos similares
650 _aCultivos
_x colecciones de escritos
_9171208
650 _aJardinería
_961143
650 _aPlantas comestibles
_988906
901 _aPA-C 631.5 B85
902 _aA
905 _a0000001941 0000000000 00
910 _a1941
942 _cPARA
942 _cPARA
_d1
999 _c206036
_d206036